[Event "Pardubice Open A"]
[Site "?"]
[Date "2015.07.31"]
[Round "8.16"]
[White "ZWARDON, Vojtech"]
[Black "GUTMAN, Gennadi"]
[Result "1/2-1/2"]
[WhiteElo "2397"]
[BlackElo "2468"]
[PlyCount "135"]
[EventDate "2015.??.??"]

1. c4 e5 2. g3 Nf6 3. Bg2 Nc6 4. Nc3 Bc5 5. Nf3 d6 6. O-O O-O 7. d3 h6 8. Na4
Bb6 9. Nxb6 axb6 10. e4 Nd7 11. d4 exd4 12. Nxd4 Nxd4 13. Qxd4 Qf6 14. Qd1 Re8
15. Qc2 Nc5 16. Bd2 Qg6 17. f3 f5 18. b4 Ne6 19. exf5 Nd4 20. Qd3 Nxf5 21. f4
c6 22. b5 Bd7 23. a4 Qf6 24. Bc3 Qf7 25. Rfe1 Rxe1+ 26. Bxe1 Be6 27. bxc6 bxc6
28. Bxc6 Bxc4 29. Qb1 Ra6 30. Bf2 Qf6 31. Ra3 Nd4 32. Bb7 Ne2+ 33. Kg2 Qf7 34.
Bxa6 Bxa6 35. Qb3 Bc4 36. Qxb6 Qg6 37. Rf3 Bd5 38. Qe3 Qc2 39. f5 Qd1 40. f6
gxf6 41. Qe8+ Kg7 42. Qe7+ Kg8 43. Qxf6 Qd3 44. Qf8+ Kh7 45. Qe7+ Kg8 46. Qf7+
Kh8 47. Qe8+ Kg7 48. Qe7+ Kg8 49. Qe3 Nc1 50. Qe8+ Kh7 51. Qe7+ Kg8 52. Qf8+
Kh7 53. a5 Nb3 54. Qf7+ Kh8 55. Qf4 Qxf3+ 56. Qxf3 Bxf3+ 57. Kxf3 Nxa5 58. Ke4
Kg7 59. Kd5 Kg6 60. Bb6 Nb3 61. Be3 h5 62. Ke6 Nc5+ 63. Kxd6 Ne4+ 64. Ke6 Nf6
65. Bd4 Ng4 66. h3 Nh6 67. Be5 Nf5 68. Bf4 1/2-1/2

[Event "Pardubice Open A"]
[Site "?"]
[Date "2015.07.31"]
[Round "8.17"]
[White "NARAYANAN, Srinath"]
[Black "LOMASOV, Semen"]
[Result "1/2-1/2"]
[WhiteElo "2464"]
[BlackElo "2342"]
[PlyCount "89"]
[EventDate "2015.??.??"]

1. e4 e6 2. d4 d5 3. Nd2 c5 4. exd5 Qxd5 5. Ngf3 cxd4 6. Bc4 Qd6 7. O-O Nf6 8.
Nb3 Nc6 9. Nbxd4 Nxd4 10. Nxd4 a6 11. Re1 Qc7 12. Qe2 h6 13. Bd2 Bc5 14. Bc3
O-O 15. Nb3 Bd6 16. h3 b5 17. Bd3 Nd5 18. Ba5 Qe7 19. Qe4 f5 20. Qd4 Bb7 21.
Bf1 e5 22. Qd2 e4 23. c4 Qe5 24. g3 e3 25. Qd4 Qxd4 26. Nxd4 exf2+ 27. Kxf2 Nf6
28. Ne6 Ne4+ 29. Rxe4 fxe4+ 30. Nxf8 Rxf8+ 31. Ke2 bxc4 32. Be1 e3 33. b4 Bc7
34. a4 Bb6 35. Bc3 Bf3+ 36. Ke1 e2 37. Bxe2 Bxe2 38. Kxe2 Rf2+ 39. Kd1 Rh2 40.
Be1 Rxh3 41. Rc1 Rh1 42. Ke2 Rh2+ 43. Kf3 Rh1 44. a5 Ba7 45. Ke2 1/2-1/2

[Event "Pardubice Open A"]
[Site "?"]
[Date "2015.07.31"]
[Round "8.18"]
[White "SCHLOSSER, Philipp"]
[Black "RESHEF, Omer"]
[Result "1/2-1/2"]
[WhiteElo "2579"]
[BlackElo "2410"]
[PlyCount "92"]
[EventDate "2015.??.??"]

1. c4 c6 2. Nf3 d5 3. e3 Nf6 4. Nc3 a6 5. d4 b5 6. cxd5 cxd5 7. Ne5 e6 8. Be2
Bd6 9. Bd2 Nbd7 10. Nd3 e5 11. b4 O-O 12. O-O Ne4 13. Nxe4 dxe4 14. Nc5 exd4
15. exd4 Nxc5 16. dxc5 Be5 17. Rc1 Qc7 18. h3 Bb7 19. Qb3 Bc6 20. a3 Rad8 21.
Bc3 Bh2+ 22. Kh1 Bf4 23. Rcd1 Qe7 24. Rxd8 Rxd8 25. Rd1 Bc7 26. Kg1 Rxd1+ 27.
Qxd1 Qg5 28. Qd4 f6 29. Bf1 h5 30. Qe3 Bf4 31. Qe1 Bc7 32. Bd4 h4 33. Qe3 Bf4
34. Qe2 Bc7 35. Qe3 Qxe3 36. fxe3 Kf7 37. Kf2 g5 38. Be2 Bg3+ 39. Kf1 Kg6 40.
a4 f5 41. axb5 axb5 42. Bc3 Bd7 43. Bd1 Be6 44. Be2 Bd7 45. Bd1 Be6 46. Be2 Bd7
1/2-1/2

[Event "Pardubice Open A"]
[Site "?"]
[Date "2015.07.31"]
[Round "8.19"]
[White "STOCEK, Jiri"]
[Black "BAGI, Mate"]
[Result "1/2-1/2"]
[WhiteElo "2573"]
[BlackElo "2417"]
[PlyCount "116"]
[EventDate "2015.??.??"]

1. d4 Nf6 2. c4 g6 3. Nc3 d5 4. Nf3 Bg7 5. Qb3 dxc4 6. Qxc4 O-O 7. e4 a6 8. e5
b5 9. Qb3 Nfd7 10. e6 fxe6 11. Ng5 Nf6 12. Nxe6 Bxe6 13. Qxe6+ Kh8 14. Be2 Qd6
15. Qxd6 cxd6 16. Bf3 Ra7 17. O-O Nbd7 18. Re1 Nb6 19. a4 b4 20. a5 Nc4 21. Ra4
Rb8 22. Na2 b3 23. Nb4 Nxa5 24. Bd2 Nc4 25. Bc3 Nb6 26. Ra3 Nc4 27. Ra4 Nb6 28.
Ra3 Nc4 29. Rxa6 Rxa6 30. Nxa6 Rb6 31. Nc7 e5 32. h4 Rb8 33. Be2 exd4 34. Bxd4
Ne5 35. Ne6 Nc6 36. Bc3 d5 37. Nxg7 Kxg7 38. Bf3 d4 39. Bd2 Nb4 40. Re7+ Kf8
41. Ra7 Rb6 42. Bd1 Nd3 43. Ba5 Rb5 44. Be2 Rxa5 45. Rxa5 Nxb2 46. Rb5 d3 47.
Bf3 d2 48. Rxb3 d1=Q+ 49. Bxd1 Nxd1 50. Rd3 Nb2 51. Rd4 Ke7 52. Kf1 Nd7 53.
Re4+ Kf6 54. Ke2 Nb6 55. Rb4 N2c4 56. Kd3 Ne5+ 57. Ke4 Nbd7 58. Rb5 h5 1/2-1/2

[Event "Pardubice Open A"]
[Site "?"]
[Date "2015.07.31"]
[Round "8.20"]
[White "VOGEL, Roven"]
[Black "BURMAKIN, Vladimir"]
[Result "0-1"]
[WhiteElo "2420"]
[BlackElo "2571"]
[PlyCount "86"]
[EventDate "2015.??.??"]

1. Nf3 d5 2. g3 c6 3. Bg2 Bf5 4. O-O e6 5. d3 Nf6 6. c4 Be7 7. cxd5 exd5 8. b3
O-O 9. Bb2 a5 10. a3 h6 11. Nbd2 Nbd7 12. Qc2 Bh7 13. Rac1 Re8 14. Rfe1 Bc5 15.
Qc3 Qb6 16. Nd4 Bf8 17. Bh3 c5 18. N4f3 a4 19. e4 dxe4 20. dxe4 Qc6 21. e5 Nd5
22. Qc4 N7b6 23. Qe2 Qg6 24. Nh4 Qd3 25. Qd1 Nc7 26. Re3 Qd8 27. Nc4 Qxd1+ 28.
Rxd1 Nbd5 29. Re2 b5 30. Ne3 Nxe3 31. Rxe3 Red8 32. Rxd8 Rxd8 33. e6 Nxe6 34.
Bxe6 fxe6 35. bxa4 bxa4 36. Rxe6 c4 37. Nf3 Rb8 38. Bd4 Rb3 39. Re3 Rxe3 40.
fxe3 Bxa3 41. Ne5 Bd3 42. Nxd3 cxd3 43. Kf2 Bc1 0-1

[Event "Pardubice Open A"]
[Site "?"]
[Date "2015.07.31"]
[Round "8.21"]
[White "ROEDER, Matthias"]
[Black "MOZHAROV, Mikhail"]
[Result "0-1"]
[WhiteElo "2411"]
[BlackElo "2564"]
[PlyCount "46"]
[EventDate "2015.??.??"]

1. Nf3 c5 2. c4 Nc6 3. d4 cxd4 4. Nxd4 Nf6 5. Nc3 e6 6. g3 Qb6 7. Nb3 Ne5 8. e4
Bb4 9. Qe2 d6 10. Bd2 O-O 11. f4 Nc6 12. O-O-O e5 13. Bg2 Bg4 14. Bf3 Bxf3 15.
Qxf3 Qa6 16. Kb1 Qxc4 17. Nd5 Nxe4 18. Bxb4 Nxb4 19. Ne3 Qc6 20. Ka1 Qa4 21.
Nc1 Rac8 22. a3 Rxc1+ 23. Rxc1 Qb3 0-1

[Event "Pardubice Open A"]
[Site "?"]
[Date "2015.07.31"]
[Round "8.22"]
[White "TOMAZINI, Zan"]
[Black "STUPAK, Kirill"]
[Result "1/2-1/2"]
[WhiteElo "2401"]
[BlackElo "2547"]
[PlyCount "112"]
[EventDate "2015.??.??"]

1. e4 e6 2. d4 d5 3. Nd2 Nc6 4. Ngf3 Nf6 5. e5 Nd7 6. Nb3 a5 7. a4 Be7 8. h4 b6
9. Rh3 h6 10. c3 Ba6 11. Bxa6 Rxa6 12. h5 Ra8 13. Kf1 f5 14. Rg3 Kf7 15. Be3
Nf8 16. Nc1 Nh7 17. Nd3 Ng5 18. Nf4 Rg8 19. Rc1 Rc8 20. Kg1 Qd7 21. Nh3 Nxh3+
22. Rxh3 Nb8 23. Ne1 c5 24. Nd3 cxd4 25. Bxd4 Qc6 26. Kh1 Ke8 27. g4 Rf8 28.
Rf3 Bg5 29. Ra1 Rc7 30. Qb3 Nd7 31. gxf5 Nc5 32. Qb5 Qxb5 33. axb5 Nb3 34. Ra4
Nxd4 35. Rxd4 Rcf7 36. Rg4 Rxf5 37. Rxf5 Rxf5 38. f4 Be7 39. Rxg7 Rxh5+ 40. Kg2
Rh4 41. Rg6 Kf7 42. f5 Rh5 43. Rxe6 Rg5+ 44. Kh2 Rxf5 45. Rxh6 Rf3 46. Rh3
Rxh3+ 47. Kxh3 Ke6 48. Kg4 Bd8 49. Kf4 Bc7 50. b3 Bb8 51. Ke3 Bxe5 52. Nxe5
Kxe5 53. Kd3 Ke6 54. Ke3 Ke5 55. Kd3 Ke6 56. Ke3 Ke5 1/2-1/2

[Event "Pardubice Open A"]
[Site "?"]
[Date "2015.07.31"]
[Round "8.23"]
[White "MARTYNOV, Pavel"]
[Black "KREJCI, Jan"]
[Result "1/2-1/2"]
[WhiteElo "2385"]
[BlackElo "2500"]
[PlyCount "60"]
[EventDate "2015.??.??"]

1. e4 c5 2. Nf3 e6 3. g3 d5 4. exd5 exd5 5. d4 Nf6 6. Bg2 Qe7+ 7. Be3 Ng4 8.
O-O Nxe3 9. fxe3 Nc6 10. c4 dxc4 11. d5 Ne5 12. Nxe5 Qxe5 13. Na3 Qb8 14. Nxc4
Bd6 15. Qa4+ Bd7 16. Nxd6+ Qxd6 17. Qe4+ Kf8 18. Qf4 Qxf4 19. gxf4 Re8 20. e4
g5 21. fxg5 Rg8 22. h4 h6 23. gxh6 Bh3 24. Rf2 Rg4 25. Raf1 Bxg2 26. Rxg2 Rxh4
27. Rg7 Re7 28. d6 Rd7 29. e5 Rxh6 30. Rg5 c4 1/2-1/2

[Event "Pardubice Open A"]
[Site "?"]
[Date "2015.07.31"]
[Round "8.24"]
[White "GRINBERG, Eyal"]
[Black "POETSCH, Hagen"]
[Result "1-0"]
[WhiteElo "2387"]
[BlackElo "2498"]
[PlyCount "107"]
[EventDate "2015.??.??"]

1. e4 e6 2. d4 d5 3. Nd2 Be7 4. Bd3 c5 5. dxc5 Nf6 6. Qe2 O-O 7. Ngf3 a5 8. O-O
Na6 9. exd5 exd5 10. Nb3 a4 11. Nbd4 Nxc5 12. Bf5 Re8 13. a3 Bd6 14. Qd1 Nfe4
15. Bxc8 Rxc8 16. Be3 Bb8 17. c3 Qf6 18. Qc2 Qa6 19. Rad1 Rcd8 20. Qe2 Qg6 21.
Qb5 Bc7 22. Ne2 b6 23. Rxd5 Nd6 24. Qc6 Nc4 25. Rxc5 bxc5 26. Qxc7 Nxe3 27.
fxe3 Qd3 28. Ng3 Qxe3+ 29. Kh1 Rb8 30. h3 Qe7 31. Qc6 Rec8 32. Qxa4 Rxb2 33.
Re1 Qf8 34. Nf5 Rcb8 35. Ne7+ Kh8 36. Qe4 f6 37. Nh4 Qf7 38. Nhf5 Rd8 39. Nc6
Rf8 40. c4 Ra2 41. Nd6 Qg6 42. Qd5 h6 43. Nf5 Re8 44. Rxe8+ Qxe8 45. Qxc5 Qc8
46. Qd5 Rxa3 47. c5 Rc3 48. Nd6 Rc1+ 49. Kh2 Qc7 50. Kg3 g6 51. Kh2 Kh7 52. Qe6
Qg7 53. Ne8 Qf8 54. Nb8 1-0

[Event "Pardubice Open A"]
[Site "?"]
[Date "2015.07.31"]
[Round "8.25"]
[White "MOEHN, Hans"]
[Black "HABA, Petr"]
[Result "0-1"]
[WhiteElo "2372"]
[BlackElo "2488"]
[PlyCount "70"]
[EventDate "2015.??.??"]

1. Nf3 d5 2. g3 c6 3. Bg2 Bf5 4. O-O e6 5. d3 Nf6 6. c4 dxc4 7. dxc4 Qxd1 8.
Rxd1 Nbd7 9. Bf4 h6 10. Nc3 g5 11. Be3 Bg7 12. h4 Ne4 13. Nxe4 Bxe4 14. Bd4
Bxd4 15. Rxd4 Bxf3 16. Bxf3 O-O-O 17. Bh5 f5 18. Rad1 Rhf8 19. hxg5 hxg5 20.
Bf3 Nc5 21. b4 Na4 22. b5 g4 23. Bg2 Nc3 24. Rxd8+ Rxd8 25. Rxd8+ Kxd8 26. bxc6
bxc6 27. Bxc6 Kc7 28. Be8 Nxa2 29. Kf1 Nc3 30. f3 a5 31. fxg4 fxg4 32. Ke1 a4
33. Kd2 Ne4+ 34. Kc2 Nxg3 35. Bxa4 Ne4 0-1

[Event "Pardubice Open A"]
[Site "?"]
[Date "2015.07.31"]
[Round "8.26"]
[White "LALIC, Bogdan"]
[Black "NASUTA, Grzegorz"]
[Result "1/2-1/2"]
[WhiteElo "2480"]
[BlackElo "2365"]
[PlyCount "43"]
[EventDate "2015.??.??"]

1. d4 Nf6 2. c4 g6 3. f3 d5 4. cxd5 Nxd5 5. e4 Nb6 6. Nc3 Bg7 7. Be3 O-O 8. Qd2
e5 9. d5 c6 10. h4 cxd5 11. exd5 N8d7 12. h5 Nf6 13. hxg6 fxg6 14. d6 Bd7 15.
O-O-O Rc8 16. Kb1 e4 17. Bh6 Bxh6 18. Qxh6 Rf7 19. Nxe4 Nxe4 20. fxe4 Na4 21.
Qe3 Qf6 22. Qe2 1/2-1/2

[Event "Pardubice Open A"]
[Site "?"]
[Date "2015.07.31"]
[Round "8.27"]
[White "TESKE, Henrik"]
[Black "OGANIAN, Miran"]
[Result "1/2-1/2"]
[WhiteElo "2475"]
[BlackElo "2370"]
[PlyCount "47"]
[EventDate "2015.??.??"]

1. Nf3 Nf6 2. c4 e6 3. Nc3 d5 4. d4 dxc4 5. e3 c5 6. Bxc4 a6 7. O-O b5 8. Bb3
Bb7 9. Re1 Be7 10. e4 cxd4 11. Nxd4 Nc6 12. Be3 Rc8 13. f3 Nxd4 14. Qxd4 Qxd4
15. Bxd4 Bc5 16. Bxc5 Rxc5 17. Rac1 Nd7 18. Kf2 Ke7 19. Ke3 Rhc8 20. Ne2 a5 21.
Rxc5 Rxc5 22. Rc1 Rxc1 23. Nxc1 Kd6 24. a3 1/2-1/2

[Event "Pardubice Open A"]
[Site "?"]
[Date "2015.07.31"]
[Round "8.28"]
[White "NEUMAN, Petr"]
[Black "AHARON, Ofir"]
[Result "1/2-1/2"]
[WhiteElo "2470"]
[BlackElo "2355"]
[PlyCount "130"]
[EventDate "2015.??.??"]

1. e4 c5 2. Nf3 d6 3. d4 cxd4 4. Nxd4 Nf6 5. Nc3 a6 6. h3 e6 7. g4 Nfd7 8. Bg2
b5 9. e5 d5 10. O-O Nb6 11. Nce2 Qc7 12. f4 N8d7 13. Ng3 Bc5 14. b3 O-O 15. Bb2
b4 16. Kh2 a5 17. Qd2 Ba6 18. Rfe1 Rfe8 19. f5 Rac8 20. Rac1 Bf8 21. Qf4 Nc5
22. Rcd1 Nbd7 23. Rd2 Nb8 24. Rf2 Qd7 25. Bf1 Nc6 26. Bxa6 Nxa6 27. Nf3 Nc7 28.
Ref1 Nb5 29. Nh5 Nc3 30. Bxc3 bxc3 31. f6 g6 32. Ng7 Bxg7 33. fxg7 Qc7 34. h4
f6 35. Qxf6 Qxg7 36. Kg3 Rc7 37. Qf4 Rf8 38. Qe3 a4 39. bxa4 Rcc8 40. a5 Nxa5
41. Ng5 Rxf2 42. Rxf2 Nc4 43. Qxc3 Re8 44. Rf7 Qxe5+ 45. Qxe5 Nxe5 46. Rxh7 Nc4
47. h5 gxh5 48. gxh5 Nd6 49. Rd7 Ne4+ 50. Nxe4 dxe4 51. Rd4 Kf7 52. Rxe4 Kf6
53. a4 Rc8 54. Rf4+ Kg5 55. a5 Rxc2 56. Ra4 Rc3+ 57. Kf2 Kxh5 58. a6 Rc8 59. a7
Ra8 60. Ke3 Kg5 61. Kd4 Kf5 62. Ra1 e5+ 63. Kd5 e4 64. Kd4 e3 65. Kxe3 Ke5
1/2-1/2

[Event "Pardubice Open A"]
[Site "?"]
[Date "2015.07.31"]
[Round "8.29"]
[White "SKLIAROV, Viktor"]
[Black "BIOLEK, Richard Jr"]
[Result "1/2-1/2"]
[WhiteElo "2368"]
[BlackElo "2457"]
[PlyCount "61"]
[EventDate "2015.??.??"]

1. e4 e5 2. Nc3 Nc6 3. Bc4 Nf6 4. d3 Na5 5. Nge2 c6 6. a3 Nxc4 7. dxc4 d6 8.
Ng3 g6 9. Qd3 Be7 10. Bh6 Be6 11. h3 Qd7 12. Qf3 Qd8 13. b3 Nd7 14. O-O f6 15.
Rad1 Qc7 16. Qe3 a6 17. Kh1 O-O-O 18. f4 Rhg8 19. f5 Bf7 20. Qf3 g5 21. Rf2 Qa5
22. a4 Qb6 23. Rfd2 Nc5 24. Nf1 a5 25. Ne3 Rd7 26. Ne2 Bd8 27. Ng3 Be7 28. Kh2
Na6 29. Nh1 Rgd8 30. Ng3 Rg8 31. Kh1 1/2-1/2

[Event "Pardubice Open A"]
[Site "?"]
[Date "2015.07.31"]
[Round "8.30"]
[White "KOZLITIN, Oleg"]
[Black "MESKOVS, Nikita"]
[Result "0-1"]
[WhiteElo "2352"]
[BlackElo "2457"]
[PlyCount "92"]
[EventDate "2015.??.??"]

1. e4 e5 2. Nf3 Nc6 3. Bb5 a6 4. Ba4 Nge7 5. c3 g6 6. d4 exd4 7. cxd4 b5 8. Bb3
Bg7 9. Nc3 O-O 10. O-O Na5 11. Bc2 d6 12. h3 c5 13. dxc5 dxc5 14. Qxd8 Rxd8 15.
Be3 Nb7 16. Bg5 f6 17. Bh4 g5 18. Bg3 h6 19. Rad1 Be6 20. Bb1 Kf7 21. Rfe1 Rac8
22. Nh2 Rxd1 23. Rxd1 b4 24. Nd5 Rd8 25. Ne3 Rxd1+ 26. Nxd1 f5 27. f4 fxe4 28.
fxg5 Nf5 29. Bf2 hxg5 30. Bxe4 Nfd6 31. Bb1 Nc4 32. b3 Na3 33. Bd3 c4 34. bxc4
Nxc4 35. Nf3 Bf6 36. Nd4 Bd5 37. Nb3 a5 38. Ne3 Nxe3 39. Bxe3 a4 40. Nc5 Nxc5
41. Bxc5 Be7 42. Bxe7 Kxe7 43. Bc2 a3 44. Bb1 Kd6 45. Kf2 Ke5 46. g3 Be4 0-1

[Event "Pardubice Open A"]
[Site "?"]
[Date "2015.07.31"]
[Round "8.31"]
[White "CERNOUSEK, Lukas"]
[Black "YAGUPOV, Igor"]
[Result "1-0"]
[WhiteElo "2455"]
[BlackElo "2342"]
[PlyCount "51"]
[EventDate "2015.??.??"]

1. d4 f5 2. c4 Nf6 3. Nc3 g6 4. h4 d6 5. h5 Nxh5 6. e4 Nf6 7. Bd3 e6 8. Nf3 Bg7
9. Bh6 Bxh6 10. Rxh6 Ng4 11. Rh3 Nc6 12. Qd2 Qf6 13. c5 dxc5 14. exf5 gxf5 15.
Nb5 Qe7 16. Qf4 Nb4 17. Bc4 e5 18. Nxe5 Nxe5 19. Qxe5 Qxe5+ 20. dxe5 c6 21.
Nd6+ Ke7 22. Rg3 b5 23. Rg7+ Kf8 24. Rf7+ Kg8 25. Rxa7+ bxc4 26. Rxa8 1-0

[Event "Pardubice Open A"]
[Site "?"]
[Date "2015.07.31"]
[Round "8.32"]
[White "SANDERS, Isaac B"]
[Black "SIMACEK, Pavel"]
[Result "0-1"]
[WhiteElo "2338"]
[BlackElo "2454"]
[PlyCount "102"]
[EventDate "2015.??.??"]

1. d4 c5 2. d5 Nf6 3. c4 e6 4. Nc3 exd5 5. cxd5 d6 6. Nf3 g6 7. Bf4 a6 8. a4
Bg7 9. h3 O-O 10. e3 Ne8 11. Be2 Nd7 12. O-O b6 13. Ra3 Ne5 14. Nd2 f5 15. Bg3
Nf6 16. Bxe5 dxe5 17. Nc4 e4 18. Rb3 Nd7 19. d6 Rb8 20. Nd5 Kh8 21. Nc7 Qf6 22.
Na3 Rd8 23. Bxa6 Ne5 24. Nab5 Be6 25. Nxe6 Qxe6 26. Nc7 Qf6 27. Qc2 Qxd6 28.
Nb5 Qe7 29. Na3 Nc6 30. Qe2 Na5 31. Rb5 Qa7 32. b4 Nc6 33. bxc5 Qxa6 34. cxb6
Qxa4 35. Qc4 Qxa3 36. Qxc6 Qa6 37. Rfb1 Qb7 38. Qe6 Qd7 39. Qa2 Rb7 40. Qa6
Rdb8 41. Qa4 Qe6 42. Qb4 h5 43. Qc5 h4 44. Qb4 Bf6 45. Rc1 Kh7 46. Rc7+ Kh6 47.
Rxb7 Rxb7 48. Qf8+ Kh7 49. Qc5 Bd8 50. Qf8 Rxb6 51. Rxb6 Bxb6 0-1

[Event "Pardubice Open A"]
[Site "?"]
[Date "2015.07.31"]
[Round "8.33"]
[White "VOKAC, Marek"]
[Black "MINDLIN, Alon"]
[Result "1/2-1/2"]
[WhiteElo "2453"]
[BlackElo "2310"]
[PlyCount "137"]
[EventDate "2015.??.??"]

1. g3 Nf6 2. Bg2 e5 3. c4 c6 4. d4 exd4 5. Qxd4 d5 6. Nf3 Be7 7. cxd5 cxd5 8.
O-O O-O 9. Nc3 Nc6 10. Qa4 Be6 11. Be3 a6 12. Nd4 Ne5 13. Rad1 Rc8 14. Nxe6
fxe6 15. Bh3 Rc6 16. Qb3 Qa8 17. Bd4 Nc4 18. e4 Kh8 19. Bxf6 Bxf6 20. exd5 exd5
21. Nxd5 b5 22. Bg2 Qb8 23. a4 Be5 24. axb5 axb5 25. Nc3 Rc5 26. Ne4 Rcc8 27.
Rd5 b4 28. Nc5 Nd2 29. Rxd2 Rxc5 30. Qe3 Rcc8 31. Be4 Rce8 32. b3 Bc3 33. Rd5
Re5 34. Qd3 Rxd5 35. Qxd5 Qb6 36. Kg2 Qf6 37. Qh5 g6 38. Qf3 Qxf3+ 39. Bxf3 Rd8
40. h4 Rd2 41. h5 Bd4 42. hxg6 hxg6 43. Bd5 Kg7 44. Bc4 Rb2 45. Kf3 Bc5 46. g4
g5 47. Kg3 Kf6 48. Rd1 Bxf2+ 49. Kf3 Bh4 50. Rd6+ Ke7 51. Re6+ Kd8 52. Rh6 Rf2+
53. Ke3 Rf8 54. Be6 Ke7 55. Bf5 Rf6 56. Rh7+ Rf7 57. Rh5 Kd6 58. Kd4 Rc7 59.
Rh6+ Ke7 60. Bd3 Rc3 61. Bc4 Rg3 62. Re6+ Kd7 63. Re4 Kd6 64. Bd3 Rf3 65. Kc4
Rf4 66. Rxf4 gxf4 67. Kxb4 Ke5 68. Kc4 f3 69. b4 1/2-1/2

[Event "Pardubice Open A"]
[Site "?"]
[Date "2015.07.31"]
[Round "8.34"]
[White "PALCHUN, Grigory"]
[Black "WESTERBERG, Jonathan"]
[Result "1/2-1/2"]
[WhiteElo "2306"]
[BlackElo "2452"]
[PlyCount "75"]
[EventDate "2015.??.??"]

1. d4 e6 2. e4 b6 3. Nf3 Bb7 4. Bd3 c5 5. c3 Nf6 6. Qe2 d5 7. e5 Nfd7 8. O-O
Be7 9. Be3 Nc6 10. a3 a5 11. Nbd2 c4 12. Bc2 b5 13. Ne1 h5 14. g3 b4 15. Ng2 b3
16. Bd1 Nb6 17. f4 g6 18. h3 Na4 19. Nf3 Kd7 20. Ng5 Qf8 21. Qd2 Na7 22. g4
hxg4 23. hxg4 Bxg5 24. fxg5 Qe7 25. Bf4 Rh7 26. Ne3 Rah8 27. Bf3 Kc8 28. Qe2
Kb8 29. Bg2 Nb5 30. Rf2 Ka7 31. Raf1 Ka6 32. Nd1 Bc6 33. Bc1 Nb6 34. Rf3 Be8
35. Rf6 Nc7 36. Ne3 Qd7 37. Qf3 Ka7 38. Qg3 1/2-1/2

[Event "Pardubice Open A"]
[Site "?"]
[Date "2015.07.31"]
[Round "8.35"]
[White "SHEVCHENKO, Kirill"]
[Black "KOLOSOWSKI, Mateusz"]
[Result "1/2-1/2"]
[WhiteElo "2270"]
[BlackElo "2437"]
[PlyCount "81"]
[EventDate "2015.??.??"]

1. e4 e5 2. Nf3 Nc6 3. Bb5 a6 4. Ba4 Nf6 5. O-O b5 6. Bb3 Bb7 7. d3 Be7 8. Nc3
d6 9. a3 O-O 10. Nd5 Nxd5 11. Bxd5 Rb8 12. c3 Bf6 13. a4 Ne7 14. Bxb7 Rxb7 15.
axb5 axb5 16. Be3 Qd7 17. d4 exd4 18. cxd4 Ng6 19. Qc2 Bd8 20. d5 Bf6 21. Nd2
Ne5 22. Bd4 h6 23. Rfe1 Rc8 24. f4 c5 25. dxc6 Rxc6 26. Ra8+ Bd8 27. Qb3 Ng6
28. f5 Ne5 29. Qd5 Rc8 30. Rea1 Nc6 31. Rxc8 Qxc8 32. Rc1 Rc7 33. Bb6 Ne7 34.
Rxc7 Bxc7 35. Qxb5 Qb8 36. Nc4 d5 37. Qc5 Bxh2+ 38. Kh1 dxc4 39. Qxe7 Bd6 40.
Ba7 Bxe7 41. Bxb8 1/2-1/2

[Event "Pardubice Open A"]
[Site "?"]
[Date "2015.07.31"]
[Round "8.36"]
[White "SUNDARARAJAN, Kidambi"]
[Black "YURTSEVEN, Melih"]
[Result "1-0"]
[WhiteElo "2433"]
[BlackElo "2299"]
[PlyCount "65"]
[EventDate "2015.??.??"]

1. Nf3 g6 2. c4 Bg7 3. d4 Nf6 4. Nc3 O-O 5. e4 c5 6. Be2 cxd4 7. Nxd4 Nc6 8.
Nc2 b6 9. O-O Bb7 10. Be3 Qb8 11. Qd2 Rd8 12. Rad1 e6 13. Bh6 Bh8 14. Qg5 Na5
15. Qh4 Ne8 16. Ne3 Bf6 17. Bg5 Qe5 18. f4 Qc5 19. Rf3 Bxc3 20. Bxd8 Bd4 21. b4
Bxe3+ 22. Kh1 Qc8 23. Rxe3 Nxc4 24. Rh3 h5 25. Be7 Ng7 26. Bf6 Bxe4 27. Qg5 d5
28. Bxh5 Nd6 29. Bxg6 fxg6 30. Rh8+ Kf7 31. Rxc8 Rxc8 32. Bxg7 Kxg7 33. Qe5+
1-0

[Event "Pardubice Open A"]
[Site "?"]
[Date "2015.07.31"]
[Round "8.37"]
[White "ZUMSANDE, Martin"]
[Black "STRUGNELL, Carl"]
[Result "1-0"]
[WhiteElo "2423"]
[BlackElo "2275"]
[PlyCount "85"]
[EventDate "2015.??.??"]

1. e4 e6 2. d4 d5 3. Nc3 Nf6 4. Bg5 Be7 5. e5 Nfd7 6. Bxe7 Qxe7 7. Qd2 a6 8. f4
c5 9. Nf3 Nc6 10. dxc5 Nxc5 11. Bd3 Bd7 12. O-O O-O 13. Rae1 Rac8 14. Qe3 Nxd3
15. cxd3 f6 16. exf6 Qxf6 17. Ne5 Nxe5 18. fxe5 Qe7 19. Qb6 Qc5+ 20. Qxc5 Rxc5
21. Rxf8+ Kxf8 22. Rf1+ Ke7 23. Rf4 Be8 24. Rd4 Rc6 25. Rb4 b5 26. Kf2 Rc7 27.
Rg4 g6 28. Ke3 h5 29. Rd4 Kf8 30. Rf4+ Kg7 31. h4 a5 32. Kd2 Bc6 33. Ne2 g5 34.
hxg5 Rf7 35. Rxf7+ Kxf7 36. Nd4 Bd7 37. Ke3 a4 38. a3 Be8 39. Ne2 Kg6 40. Kf4
b4 41. axb4 Bb5 42. Nd4 Bxd3 43. b5 1-0

[Event "Pardubice Open A"]
[Site "?"]
[Date "2015.07.31"]
[Round "8.38"]
[White "PISCOPO, Pierluigi"]
[Black "MINKO, Vladimir"]
[Result "1-0"]
[WhiteElo "2422"]
[BlackElo "2226"]
[PlyCount "23"]
[EventDate "2015.??.??"]

1. e4 c5 2. Nf3 e6 3. d4 cxd4 4. Nxd4 Nc6 5. Nc3 Qc7 6. Be3 a6 7. f4 b5 8. Bd3
Nxd4 9. Bxd4 Qxf4 10. Rf1 Qc7 11. Qf3 d6 12. Nxb5 1-0

[Event "Pardubice Open A"]
[Site "?"]
[Date "2015.07.31"]
[Round "8.39"]
[White "KARAS, Marek"]
[Black "SELIVERSTOV, Vladimir"]
[Result "1/2-1/2"]
[WhiteElo "2227"]
[BlackElo "2420"]
[PlyCount "81"]
[EventDate "2015.??.??"]

1. d4 Nf6 2. Nf3 c5 3. c3 b6 4. Bg5 Bb7 5. Nbd2 e6 6. e3 Be7 7. Bd3 Nc6 8. Qe2
O-O 9. O-O h6 10. Bh4 d5 11. Ba6 Bxa6 12. Qxa6 Nd7 13. Bxe7 Qxe7 14. Qa4 Rfc8
15. e4 Rab8 16. exd5 exd5 17. Rfe1 Qd6 18. Nf1 b5 19. Qd1 b4 20. dxc5 Nxc5 21.
Ne3 bxc3 22. bxc3 Rd8 23. Rb1 Ne4 24. Rxb8 Qxb8 25. Qc2 Nf6 26. h3 Ne5 27. Nxe5
Qxe5 28. Qd3 Rc8 29. Qd4 Qxd4 30. cxd4 Rc3 31. Rb1 Ra3 32. Rb8+ Kh7 33. Rb5 a6
34. Rc5 Rxa2 35. Nxd5 Ne4 36. Rc7 f5 37. f3 Ng3 38. Nf6+ Kg6 39. Ne8 f4 40.
Rxg7+ Kf5 41. Kh2 1/2-1/2

[Event "Pardubice Open A"]
[Site "?"]
[Date "2015.07.31"]
[Round "8.40"]
[White "PECHAC, Jergus"]
[Black "VYKOUK, Jan"]
[Result "1/2-1/2"]
[WhiteElo "2511"]
[BlackElo "2182"]
[PlyCount "147"]
[EventDate "2015.??.??"]

1. e3 c5 2. Nf3 Nc6 3. b3 Nf6 4. Bb2 g6 5. c4 Bg7 6. Be2 O-O 7. O-O d5 8. cxd5
Nxd5 9. Bxg7 Kxg7 10. Qc1 Qd6 11. Na3 b6 12. Bc4 Nc7 13. Qb2+ Qf6 14. d4 cxd4
15. exd4 Rd8 16. Rad1 Bg4 17. Rd3 Nb4 18. Re3 b5 19. Bxf7 Qxf7 20. Ne5 Qf4 21.
Nxg4 Ncd5 22. Rg3 Rac8 23. Ne5 Nf6 24. Nxb5 Rd5 25. Rf3 Qh4 26. a4 Rc2 27. Qa3
a5 28. Qa1 Ne4 29. Rf7+ Kg8 30. Nf3 Qg4 31. Rxe7 Nd3 32. Rxe4 Qxe4 33. Nc3 Qf5
34. Nxd5 Qxd5 35. Qd1 Rc3 36. Qe2 Nf4 37. Qe8+ Kg7 38. Qe7+ Kg8 39. Qe8+ Kg7
40. Qe5+ Qxe5 41. dxe5 Rxb3 42. Re1 Ne6 43. h4 Rb4 44. Rd1 Rxa4 45. Rd7+ Kg8
46. Re7 Nc5 47. Ra7 h6 48. g3 Nd3 49. Rd7 Nc5 50. Rd6 Kf7 51. Rf6+ Kg7 52. h5
gxh5 53. Nh4 Re4 54. Nf5+ Kg8 55. Nxh6+ Kg7 56. Nf5+ Kg8 57. f4 a4 58. Rc6 a3
59. Rxc5 Re1+ 60. Kg2 a2 61. Ra5 a1=Q 62. Rxa1 Rxa1 63. Ne3 Kf7 64. Nd5 Ke6 65.
Nf6 h4 66. g4 Ra3 67. Ne4 Re3 68. Ng5+ Ke7 69. Nf3 Re2+ 70. Kh1 Re3 71. Kg2
Re2+ 72. Kg1 h3 73. Nh4 Kf7 74. Nf5 1/2-1/2